Código Sanitario: edición oficial, aprobada por Decreto N§ 418, de 18 de mayo de 2004, del Ministerio de Justicia
Saved in:
| Format: | Bog |
|---|---|
| Sprog: | spansk |
| Udgivet: |
Santiago
Jurídica de Chile
2004
|
| Udgivelse: | 11a. ed |
| Fag: | |
| Tags: |
Tilføj Tag
Ingen Tags, Vær først til at tagge denne postø!
|
MARC
| LEADER | 00000nam a2200000 a 4500 | ||
|---|---|---|---|
| 001 | UCK2674 | ||
| 003 | CL-VaPUC | ||
| 008 | 050311e20040800CL |||||||||||||||||spa|d | ||
| 020 | |a 9561015617 | ||
| 082 | 0 | 4 | |a 344.8304 |b COD |2 21 |
| 245 | 1 | 0 | |a Código Sanitario: edición oficial, aprobada por Decreto N§ 418, de 18 de mayo de 2004, del Ministerio de Justicia |
| 250 | |a 11a. ed | ||
| 300 | |a 448 p | ||
| 942 | |c BK | ||
| 945 | |d 20050311 00:00:00 |a cmena | ||
| 260 | |a Santiago |b Jurídica de Chile |c 2004 | ||
| 500 | |a Apéndice actualizado a mayo de 2004 | ||
| 650 | 0 | |a Código sanitario |9 387494 | |
| 650 | 0 | |a Legislación sanitaria |9 345887 | |
| 650 | 0 | |a Salud pública |9 258913 | |
| 650 | 7 | |a SERVICIOS SANITARIOS |2 CL-VaPUC |9 359723 | |
| 650 | 0 | |a Jurisprudencia |9 255952 | |
| 651 | 7 | |a CHILE |2 CL-VaPUC |9 490556 | |
| 583 | |a last modification |c 20111014 11:53:39 |k Rodrigo Vera | ||
| 999 | |c 312108 |d 312106 | ||
| 952 | |0 0 |1 0 |2 ddc |4 0 |6 344_830400000000000_COD_2004 |7 0 |8 FOND_LRYV |9 381984 |a BIBDER |b BIBDER |d 2019-11-21 |i 4097653 |o 344.8304 COD 2004 |p 4097653 |r 2023-01-25 |w 2019-11-21 |y BK_X |k DER | ||
| 952 | |0 0 |1 0 |2 ddc |4 0 |6 344_830400000000000_COD_2004 |7 0 |8 FOND_LRYV |9 381985 |a BIBDER |b BIBDER |d 2019-11-21 |i 4097661 |o 344.8304 COD 2004 |p 4097661 |r 2023-01-25 |w 2019-11-21 |y BK_X |k DER | ||